| 000 | 01717nam a2200385 c 4500 | ||
|---|---|---|---|
| 003 | BLK | ||
| 005 | 20221210123425.0 | ||
| 008 | 180409b bul|||||r ||||||| ||bul|| | ||
| 010 | _aKNG00103567000 | ||
| 020 |
_a954-616-090-3 _bиздат.: Горекс прес |
||
| 040 | _aBLK | ||
| 041 |
_aBUL _cBUL |
||
| 080 |
_aСоциална география. Икономическа география. География на туризма _b338:91 _x(075) _z338:91(075) |
||
| 100 | 1 |
_aТончев, Цветан Василев _eпърви автор _9364726 |
|
| 700 | 1 |
_aДимов, Нено Стоянов _eсъавт. _9365081 |
|
| 139 |
_aТончев, Цветан Василев и др. _bТ 73 |
||
| 245 | 1 | 0 |
_aГеография на туризма _bСпец. Мениджмънт в хотелиерството _cЦветан Василев Тончев; съавт. Нено Стоянов Димов. |
| 257 | _aBGR | ||
| 260 |
_аСофия _bГорекс прес _c2001 |
||
| 300 |
_a100 с. _bс табл. _c20 см |
||
| 380 | _a3 | ||
| 500 | _aОфс. изд. - Съдържа и Приложения ; Използвана литература. | ||
| 650 | 4 |
_aТуризъм - икономически проблеми _9246366 |
|
| 650 | 4 |
_aГеография на туризма - учебници за ВУЗ _9306982 |
|
| 650 | 4 |
_aТуризъм, международен - учебници _9254456 |
|
| 653 | _aтуризъм | ||
| 653 | _aгеография | ||
| 653 | _aмеждународен туризъм | ||
| 653 | _aучебници | ||
| 852 | _aЦб 212926 | ||
| 856 | 4 |
_qpdf _u |
|
| 856 | 4 |
_qpdf _u |
|
| 942 |
_cKNG _n0 _01 |
||
| 944 |
_aCR _c01.01.2001 _kНаталия_Медовщикова |
||
| 944 |
_aED _c16.12.2008 _k |
||
| 999 |
_c98622 _d98622 |
||